000 00796cab a2200229 4500
001 WB3405-23
008 090401t1998 xxu||||| |||| 00| 0 eng d
035 _a(Sirsi) u83556
041 _aeng
245 _aMinisters urged to halt forest sales
260 _c1998
350 _a0
490 _aGuardian
_v4 February 1998, 8(1)
520 _aGovernment`s apparent reluctance to follow-up on its pre-election promise to end the disposal of public woodlands, has led to calls from many quarters to act on the Forestry Commission`s continuing sale of large tracts of land over the past eight months.
650 _aFORESTRY COMMISSION
650 _aFORESTRY MANAGEMENT
650 _aPRIVATISATION
650 _aWOODLAND MANAGEMENT
690 _aLAND
942 _n0
948 _c05/02/1998
999 _c52785
_d52785